000 00796nam a2200253Ia 4500
003 OSt
005 20220923224735.0
006 a|||||r|||| 00| 0
007 ta
008 220922b |||||||| |||| 00| 0 hin d
024 _a249,376
037 _cTextual
040 _aARTS
_cARTS
_bhin
041 _2hin
_ahin
082 _aO152,8x, J6
100 _aपाण्डेय, सुधाकर
245 0 _aहास परिहास
246 _aHās parihāsa
260 _aबनारस
_b कल्याणदास एण्ड ब्रदर्स
_c1956
300 _a146पृ.
_ccm.
650 _aहिन्दी साहित्य
_9156264
942 _hO152,8x, J6
_cTEXL
_2CC
999 _c373317
_d373317